000 00314nam a22001457a 4500
003 SGT
020 _a978-1-4087-7693-6
082 _a628.50
_bMAN
100 _aMANAHAN, STANLEY
245 _aENVIRONMENTAL CHEMISTRY
250 _a10
260 _aBOCATATON
_bCRC PRESS
_c2017
300 _a752
942 _2ddc
_cBK
999 _c22320
_d22320